| 000 | 01040cab a22001935a 4500 | ||
|---|---|---|---|
| 001 | L153125 | ||
| 008 | 110610e2011 xxk 000 0 eng d | ||
| 035 | _a(Sirsi) u153125 | ||
| 041 | 0 | _aeng | |
| 100 | 1 | _aHeap, Richard | |
| 245 | 0 | 0 | _aAusterity measures shrink property costs by £120m |
| 260 | _c2011 | ||
| 490 | 0 |
_aProperty Week _v77(21)27 May 2011, 94-95(2) |
|
| 520 | _aThe Cabinet Office's latest annual "State of the Estate" report reveals a 5m sq ft reduction in government property within the last year. Good progress has been made by government to exit leasehold properties. Government will pilot new models of occupation in the next 12 months. Tables describe estate shrinkage, falling property numbers, government property concentration in London and the south-east, small offices as large proportion of the government estate, most buildings are 1970s or older, and one-third in PFIs. | ||
| 590 | _aKA | ||
| 651 | 4 |
_aUnited Kingdom _y |
|
| 690 | _aPROPERTY-COMMERCIAL PROPERTY-COMMERCIAL PROPERTY MARKET | ||
| 942 | _n0 | ||
| 999 |
_c83196 _d83196 |
||